00558nam a2200193 a 4500001001300000003000900013005001700022008004100039020002600080082002100106100002200127245006400149260003200213300000900245500003500254505002400289650002900313700002200342nice12345678IN_TiNIC20260116013032.0050524s1989 newa grp 000 0 eng  a0065092 c753.7500a320.5509176bLAW aLawrence, Bruce B aDefenders of Godb Fundamentalist Revolt Against Modern Age aNew York bHarperone c1989 a306p aincludes index and biblioraphy2 aBibliography, Index aReligious Fundamentalism1 aLawrence, Bruce B